| 000 | 00597nam a2200205Ia 4500 | ||
|---|---|---|---|
| 003 | GCL | ||
| 008 | 140319s9999 xx 000 0 eng d | ||
| 040 |
_aGCL / _cGCL |
||
| 082 | 0 | 4 |
_a005.262 _bM W |
| 100 | 1 | _aMURRAY, WILLIAM H | |
| 245 | 1 | 0 |
_aWINDOWS' 95 AND NT PROGRAMMING WITH THE MICROSOFT FOUNDATION CLASS LIBRARY / _cMURRAY, WILLIAM H |
| 700 | 1 | _aPAPPAS, CHRIS H | |
| 700 | 1 | _aPA, MONTROSE | |
| 700 | 1 | _aNY, VESTAL | |
| 260 |
_a[S.N] : _bACADEMIC PRESS PROFESSIONAL ، _c1996 |
||
| 300 | _a519 P | ||
| 650 | 0 | 4 | _aOPERATINGS SYSTEMS COMPUTERS |
| 650 | 0 | 4 | _aMICROSOFT |
| 942 |
_2ddc _cBK |
||
| 999 |
_c13418 _d13418 |
||